000 00279 a2200121 4500
020 _a0749442344
090 _c2478
_d2478
100 _aTimothy R
245 _aHow to succeed as an independent consultant
260 _aNew Delhi
300 _a166
942 _aNBS
_cBK
_k658.46 FOS
999 _c344975
_d344975